| 000 | 00408nam a2200133 4500 | ||
|---|---|---|---|
| 245 |
_aLyrical ballads 1805 _cby William Wordsworth and Samuel Taylor ; edited by Derek Roper |
||
| 100 | _aWordsworth, William | ||
| 710 | _aTaylor, Samuel | ||
| 710 | _aRoper, Derek | ||
| 260 |
_aLondon _bCollins Publishers _c[19_?] |
||
| 300 | _a432p.; 18cm.- | ||
| 490 | _aCollins annotated student texts | ||
| 082 |
_a821.7 _bWOR |
||
| 999 |
_c832 _d832 |
||